006430000a22002050004500003001100000005001700011008004100028020001300069040003900082041000800121082001300129100001500142245004700157260005000204300004900254650002600303942000700329952008800336999001300424LK-CoMWRAF20231106122209.0230817t1996 ||||| |||| 00| 0 eng d a95592107 aLK-CoMWRAFdLK-CoMWRAFeLK-CoMWRAF aeng a923bJAY aJayah, T.B aT.B. Jayah: ba national hero of Sri Lanka a[Colombo]:bLaw Publishers Association,c1996 axiv, 383 p.bBibliography and index included aPOLITICIANS-Biography cBK 00104070aMAINbMAINd2023-08-17l0o923 JAYpRAF1924r2023-08-17w2023-08-17yBK c953d953